100 fichas de animaciones para personas mayores
Guardat en:
| Autors principals: | , |
|---|---|
| Format: | Llibre |
| Idioma: | espanyol |
| Publicat: |
Badalona
Editorial Paidotribo
2017
|
| Edició: | 1a. ed |
| Matèries: | |
| Etiquetes: |
Afegir etiqueta
Sense etiquetes, Sigues el primer a etiquetar aquest registre!
|
MARC
| LEADER | 00000cam a2200000 a 4500 | ||
|---|---|---|---|
| 001 | UCC2274 | ||
| 003 | CL-VaPUC | ||
| 008 | 180114e20170000sp |||||||||||||||||spa|d | ||
| 020 | |a 9788499106731 | ||
| 082 | 0 | 4 | |a 613.0438 |b ALL |2 21 |
| 100 | 0 | |a Allègre, Evelyne |e author |9 596416 | |
| 700 | 0 | |a Gassier, Jacqueline |e author |9 596417 | |
| 245 | 1 | 0 | |a 100 fichas de animaciones para personas mayores |
| 250 | |a 1a. ed | ||
| 300 | |a 245 p | ||
| 942 | |c BK | ||
| 945 | |d 20180114 20:51:00 |a arojas | ||
| 260 | |a Badalona |b Editorial Paidotribo |c 2017 | ||
| 650 | 0 | |a Animación |9 399363 | |
| 650 | 0 | |a Dinámica de grupos |9 259862 | |
| 650 | 0 | |a Expresión corporal |9 308898 | |
| 650 | 0 | |a Adulto mayor |9 311317 | |
| 583 | |a last modification |c 20180114 20:51:00 |k Rodrigo Vera | ||
| 999 | |c 370508 |d 370506 | ||
| 952 | |0 0 |1 0 |3 erb |4 0 |6 613_043800000000000_ALL_2017 |7 0 |8 A |9 487034 |a BIBEDU |b BIBEDU |i 5447976 |o 613.0438 ALL 2017 |p 5447976 |r 2019-11-24 |w 2019-11-24 |y BK |z Catalogado en:20180114 |k EFI | ||